Galian yaadnagar ki (Record no. 324231)

000 -LEADER
fixed length control field 00334 a2200133 4500
001 - CONTROL NUMBER
control field 89158
082 ## - DEWEY DECIMAL CLASSIFICATION NUMBER
Classification number 910.4 CHA
090 ## - LOCALLY ASSIGNED LC-TYPE CALL NUMBER (OCLC); LOCAL CALL NUMBER (RLIN)
-- 42108
-- 42108
100 ## - MAIN ENTRY--PERSONAL NAME
Personal name Mula Baksh Chandio
245 ## - TITLE STATEMENT
Title Galian yaadnagar ki
Statement of responsibility, etc. Mola Baksh
260 ## - PUBLICATION, DISTRIBUTION, ETC.
Place of publication, distribution, etc. Lahore
Name of publisher, distributor, etc. Sange-e-Meel Publications
Date of publication, distribution, etc. 2010
300 ## - PHYSICAL DESCRIPTION
Extent 180 p.
610 ## - SUBJECT ADDED ENTRY--CORPORATE NAME
Corporate name or jurisdiction name as entry element biography politician
942 ## - ADDED ENTRY ELEMENTS (KOHA)
Institution code [OBSOLETE] CAE NUST
Call number prefix 910.4 CHA
Holdings
Withdrawn status Lost status Damaged status Not for loan Collection code Permanent Location Current Location Date acquired Total Checkouts Full call number Barcode Date last seen Price effective from Koha item type
          College of Aeronautical Engineering (CAE) College of Aeronautical Engineering (CAE) 04/03/2017   910.4 CHA CAE86033 04/05/2017 04/05/2017 Book
© 2023 Central Library, National University of Sciences and Technology. All Rights Reserved.